Loading...
| Literature - Euro Lit | 1 | 2 | 1 | 1 | 30 | 69 | 95.00 | 0 | 3 |
| Beliefs - Religion | 0 | 3 | 0 | 0 | 30 | 72 | 87.67 | 1 | 3 |
| Thought - Philosophy | 0 | 3 | 0 | 0 | 30 | 98 | 102.67 | 1 | 2 |
| History - Other History | 0 | 3 | 0 | 1 | 30 | 110 | 122.33 | 0 | 1 |
| Arts - Painting | 1 | 2 | 2 | 1 | 25 | 60 | 101.67 | 2 | 3 |
| History - Euro History | 1 | 1 | 0 | 1 | 25 | 16 | 68.50 | 1 | 2 |
| Literature - American Lit | 0 | 2 | 0 | 0 | 20 | 81 | 108.00 | 1 | 2 |
| Other - Geo/CE | 0 | 2 | 0 | 1 | 20 | 105 | 118.00 | 0 | 1 |
| Arts - Other Arts | 1 | 1 | 2 | 0 | 15 | 28 | 82.00 | 1 | 1 |
| Thought - Social Science | 0 | 1 | 0 | 0 | 10 | 135 | 135.00 | 0 | 0 |
| History - World History | 0 | 1 | 0 | 0 | 10 | 104 | 104.00 | 0 | 0 |
| Literature - British Lit | 0 | 1 | 0 | 1 | 10 | 137 | 137.00 | 0 | 1 |
| Other - Other Academic | 0 | 1 | 0 | 0 | 10 | 86 | 86.00 | 0 | 1 |
| Other - Pop Culture | 1 | 0 | 1 | 0 | 10 | 66 | 66.00 | 0 | 0 |
| Arts - Music | 0 | 1 | 0 | 0 | 10 | 125 | 125.00 | 0 | 1 |
| Science - Physics | 0 | 0 | 1 | 0 | -5 | 0.00 | 0 | 0 |